000 00500nam a2200181Ia 4500
005 20250508152155.0
008 008 250505s9999 xx 000 0 hin d
037 _aTextual
040 _aFEDL
_beng
_cFEDL
041 _ahin
_2eng
084 _aFH, MIT
_qFEDL
100 _aRaghuvir Sharan Mitra
_9760958
245 0 _aMele ke moti
260 _aMeerut, India
_bA B Rashtriya Sahitya Prakashan Parishad
_c1952
300 _a60p
942 _cTEXL
_hFH, MIT
999 _c1334746
_d1334746